[Event "DMP - III LIGA SZACHOWA SENIOROW PK 2016"]
[Site "Czudec"]
[Date "2016.??.??"]
[Round "4.1"]
[White "Czajkowski, Ryszard"]
[Black "Gierulski, Kamil"]
[Result "0-1"]
[WhiteElo "2076"]
[BlackElo "2165"]
[Annotator "Szachy"]
[PlyCount "116"]
[EventDate "2016.??.??"]

1. d4 Nf6 2. c4 e6 3. Nc3 Bb4 4. Qc2 c5 5. e3 cxd4 6. exd4 d5 7. Nf3 Nc6 8.
cxd5 Nxd5 9. Bd3 h6 10. O-O O-O 11. Rd1 Nce7 12. Ne4 Nf5 13. Ng3 Nxg3 14. hxg3
Bd7 15. Ne5 Rc8 16. Qe2 Ba4 17. Re1 Nf6 18. Be3 Qd5 19. g4 Bc6 20. f3 Bd6 21.
Bc4 Qa5 22. Bf2 Bd5 23. Bd3 Bc6 24. a3 Nd5 25. g3 Qd8 26. Kg2 Nf6 27. Nxc6 Rxc6
28. g5 hxg5 29. Rh1 g6 30. Rh3 Be7 31. Rah1 Nh5 32. Be3 f5 33. g4 Ng7 34. gxf5
gxf5 35. Rh7 Bf6 36. Qd2 Kf7 37. d5 Qxd5 38. Bxg5 Be5 39. Qe2 Rg8 40. Rd1 Rd6
41. Bc2 Qc5 42. b4 Qc3 43. Bxf5 exf5 44. Rc1 Qd4 45. Rc7+ Kg6 46. Be3 Kxh7 47.
Bxd4 Rg6+ 48. Kf1 Bxc7 49. Qe7 Bb6 50. Be5 Re8 51. Qh4+ Kg8 52. f4 Rc8 53. Ke2
Rg2+ {[%emt 0:00:00]} 54. Kd3 Bf2 55. Qe7 Rg3+ 56. Kd2 Be3+ 57. Ke2 Rc2+ 58.
Kd3 Bc5+ 0-1

[Event "DMP - III LIGA SZACHOWA SENIOROW PK 2016"]
[Site "Czudec"]
[Date "2016.??.??"]
[Round "4.2"]
[White "Miasik, Adrian"]
[Black "Czarnecki, Wojciech"]
[Result "1-0"]
[WhiteElo "1903"]
[BlackElo "2014"]
[Annotator "Szachy"]
[PlyCount "62"]
[EventDate "2016.??.??"]

1. d4 {[%emt 0:00:00]} c6 {[%emt 0:00:00]} 2. Nf3 Nf6 3. c4 d5 4. e3 g6 5. Nc3
Bg7 6. Bd3 O-O 7. O-O dxc4 8. Bxc4 b5 9. Bb3 Nbd7 10. Re1 Bb7 11. e4 a6 12. e5
Nd5 13. e6 fxe6 14. Ng5 Qb6 15. Nxe6 Rf7 16. Ne4 Bh8 17. N4g5 Rf6 18. Qg4 Nf8
19. Nxf8 Raxf8 20. Rxe7 Bc8 21. Qh4 h5 22. Nh7 Rxf2 23. Be3 R2f7 24. Bxd5 cxd5
25. Nxf8 Bf6 26. Bg5 Rxe7 27. Bxf6 Rf7 28. Be7 Bg4 29. Bc5 Qb8 30. Qg5 Qf4 31.
Qxf4 Rxf4 1-0

[Event "DMP - III LIGA SZACHOWA SENIOROW PK 2016"]
[Site "Czudec"]
[Date "2016.??.??"]
[Round "4.3"]
[White "Baniak, Lukasz"]
[Black "Luka, Krzysztof"]
[Result "0-1"]
[WhiteElo "1844"]
[BlackElo "1876"]
[Annotator "Szachy"]
[PlyCount "80"]
[EventDate "2016.??.??"]

1. d4 {[%emt 0:00:00]} g6 {[%emt 0:00:00]} 2. c4 {[%emt 0:00:00]} Bg7 3. Nc3 d6
4. Nf3 Nd7 5. Bf4 e5 6. Bg3 Ne7 7. h3 Nf5 8. Bh2 Nxd4 9. Nxd4 exd4 10. Nb5 a6
11. Nxd4 Qf6 12. e3 Nc5 13. Be2 Bd7 14. O-O Ne6 15. Qb3 Rb8 16. Rad1 O-O 17.
Qc2 Rfe8 18. b4 Qg5 19. Nxe6 Bxe6 20. Bf4 Qe7 21. c5 dxc5 22. bxc5 Red8 23. c6
b5 24. a4 b4 25. Bxa6 b3 26. Qb1 Bd5 27. Bb7 b2 28. a5 Rxb7 29. Rxd5 Ra7 30.
Bg5 Rxd5 31. Bxe7 Rdxa5 32. Qd3 Ra8 33. Qb3 Ra1 34. Qb7 h6 35. Qxc7 Rxf1+ 36.
Kxf1 b1=Q+ 37. Ke2 Ra2+ 38. Kf3 Qf5+ 39. Qf4 Qxf4+ 40. Kxf4 Rc2 0-1

[Event "DMP - III LIGA SZACHOWA SENIOROW PK 2016"]
[Site "Czudec"]
[Date "2016.??.??"]
[Round "4.4"]
[White "Ziemniak, Piotr"]
[Black "Juszczuk, Grzegorz"]
[Result "1/2-1/2"]
[WhiteElo "1769"]
[BlackElo "1861"]
[Annotator "Szachy"]
[PlyCount "68"]
[EventDate "2016.??.??"]

1. e4 {[%emt 0:00:00]} c5 {[%emt 0:00:00]} 2. Nf3 d6 3. d4 cxd4 4. Nxd4 Nf6 5.
Nc3 g6 6. Be3 Bg7 7. f3 O-O 8. Qd2 Nc6 9. O-O-O a6 10. h4 Nxd4 11. Bxd4 b5 12.
h5 Be6 13. hxg6 fxg6 14. Bxf6 Rxf6 15. e5 Rf8 16. exd6 exd6 17. Qxd6 Qf6 18.
Re1 Rfe8 19. Bd3 Rac8 20. Nd1 a5 21. Qh2 h6 22. Qh4 g5 23. Qe4 a4 24. Qg6 Qf4+
25. Kb1 Bf7 26. Qh7+ Kf8 27. Qf5 Qb4 28. Rxe8+ Rxe8 29. Qxb5 Qd2 30. Qc5+ Kg8
31. Qf2 Qb4 32. c3 Qd6 33. Qc2 Rb8 34. Re1 Qd5 1/2-1/2

[Event "DMP - III LIGA SZACHOWA SENIOROW PK 2016"]
[Site "Czudec"]
[Date "2016.??.??"]
[Round "4.6"]
[White "Trybowska, Barbara"]
[Black "Burdzy, Joanna"]
[Result "0-1"]
[WhiteElo "1668"]
[BlackElo "1660"]
[Annotator "Szachy"]
[PlyCount "92"]
[EventDate "2016.??.??"]

1. e4 {[%emt 0:00:00]} e5 {[%emt 0:00:00]} 2. Nf3 Nc6 3. Bb5 a6 4. Ba4 Nf6 5.
d3 b5 6. Bb3 Be7 7. O-O d6 8. h3 Na5 9. Nc3 O-O 10. Bd2 Nxb3 11. axb3 Be6 12.
d4 exd4 13. Nxd4 Qd7 14. f4 c5 15. Nf3 Qb7 16. Qe1 b4 17. Ne2 Nxe4 18. Ng3 f5
19. Ng5 Bd5 20. N3xe4 Bxe4 21. Nxe4 fxe4 22. g4 d5 23. f5 d4 24. Bf4 e3 25. Qe2
Bh4 26. Bd6 Rfd8 27. Bf4 Qe4 28. Kh2 Re8 29. Bg3 Bxg3+ 30. Kxg3 Qe5+ 31. Kg2
Qd5+ 32. Kg1 a5 33. f6 gxf6 34. Rxf6 Rf8 35. Rf5 Rxf5 36. gxf5 Qxf5 37. Rf1
Qg5+ 38. Kh1 Qd5+ 39. Kh2 Qd6+ 40. Kh1 Rf8 41. Rg1+ Kh8 42. Qh5 Qc6+ 43. Rg2
Rf1+ 44. Kh2 Qd6+ 45. Rg3 Rf2+ 46. Kh1 Qxg3 0-1

[Event "DMP - III LIGA SZACHOWA SENIOROW PK 2016"]
[Site "Czudec"]
[Date "2016.??.??"]
[Round "4.7"]
[White "Piekarski, Lukasz"]
[Black "Dubas, Leszek"]
[Result "1/2-1/2"]
[WhiteElo "1971"]
[BlackElo "2130"]
[Annotator "Szachy"]
[PlyCount "31"]
[EventDate "2016.??.??"]

1. e4 {[%emt 0:00:00]} g6 {[%emt 0:00:00]} 2. d4 {[%emt 0:00:00]} Bg7 {[%emt 0:
00:04]} 3. Nc3 {[%emt 0:00:00]} d6 4. Bc4 Nc6 5. Be3 e5 6. Nge2 f5 7. dxe5 Nxe5
8. Bxg8 Rxg8 9. O-O Rf8 10. Re1 Kf7 11. Qd5+ Be6 12. Qxb7 Rb8 13. Qxa7 Rxb2 14.
f4 Nc6 15. Qa3 Rxc2 16. Qa4 1/2-1/2

[Event "DMP - III LIGA SZACHOWA SENIOROW PK 2016"]
[Site "Czudec"]
[Date "2016.??.??"]
[Round "4.9"]
[White "Krynicki, Henryk"]
[Black "Handzel, Michal"]
[Result "1-0"]
[WhiteElo "1758"]
[BlackElo "1746"]
[PlyCount "92"]
[EventDate "2016.??.??"]

1. e4 c5 2. Nf3 Nf6 3. Nc3 Nc6 4. d4 d5 5. exd5 Nxd5 6. Nxd5 Qxd5 7. Be3 cxd4
8. Nxd4 Nxd4 9. Qxd4 Qxd4 10. Bxd4 Bd7 11. O-O-O f6 12. Bc4 e5 13. Rhe1 Rc8 14.
Bb3 Bc5 15. f4 Bxd4 16. Rxd4 Ke7 17. fxe5 f5 18. e6 Bc6 19. g4 fxg4 20. Rxg4 g6
21. Rf1 Rhf8 22. Rgf4 Rxf4 23. Rxf4 Be8 24. Kd2 Rc5 25. Ke3 Rh5 26. h4 g5 27.
hxg5 Rxg5 28. Kd4 h5 29. Bd5 b6 30. c4 Rg1 31. b4 Rd1+ 32. Kc3 Rc1+ 33. Kd2 Rg1
34. c5 Rg4 35. Rxg4 hxg4 36. Ke3 bxc5 37. bxc5 g3 38. Kf3 Bg6 39. Kxg3 Bf5 40.
Kf4 Bxe6 41. Ke5 Bxd5 42. Kxd5 Kd7 43. c6+ Kc7 44. Kc5 a5 45. a4 Kc8 46. Kb6
Kb8 1-0

[Event "DMP - III LIGA SZACHOWA SENIOROW PK 2016"]
[Site "Czudec"]
[Date "2016.??.??"]
[Round "4.12"]
[White "Pedrak, Paulina"]
[Black "Michalska, Marta"]
[Result "1-0"]
[WhiteElo "1572"]
[BlackElo "1570"]
[Annotator "Szachy"]
[PlyCount "135"]
[EventDate "2016.??.??"]

1. e4 c5 2. Nf3 d6 3. d4 cxd4 4. Nxd4 Nc6 5. Nc3 Nf6 6. Be2 g6 7. Be3 Bg7 8.
O-O O-O 9. Qd2 Re8 10. h3 Bd7 11. Rad1 a6 12. f4 e5 13. fxe5 dxe5 14. Nb3 Nd4
15. Nxd4 exd4 16. Bxd4 Nxe4 17. Nxe4 Rxe4 18. Bxg7 Kxg7 19. Qxd7 Qxd7 20. Rxd7
Rxe2 21. Rfxf7+ Kh6 22. Rxh7+ Kg5 23. Rxb7 Rxc2 24. Rhc7 Rd2 25. Rc5+ Kh6 26.
Rb6 Rd1+ 27. Kh2 a5 28. Rcc6 Rg8 29. Rc5 a4 30. Ra6 Rd4 31. Rca5 Rb4 32. Rxa4
Rxb2 33. Rh4+ Kg5 34. Rg4+ Kf5 35. a4 Ra2 36. Ra5+ Kf6 37. Rb5 Ra8 38. Rb6+ Kf5
39. Rbxg6 R8xa4 40. Rxa4 Rxa4 41. Rg8 Kf6 42. Kg3 Ra3+ 43. Kh4 Ra4+ 44. g4 Ra7
45. Rh8 Kg6 46. Rg8+ Kf6 47. Rb8 Rh7+ 48. Kg3 Rd7 49. h4 Rd3+ 50. Kf4 Rd4+ 51.
Kf3 Rd3+ 52. Ke4 Ra3 53. Rb6+ Kg7 54. Re6 Ra1 55. Kf5 Rf1+ 56. Kg5 Rc1 57. Re5
Rc6 58. h5 Kh8 59. h6 Rd6 60. Kh5 Rd1 61. g5 Rd7 62. g6 Rd8 63. Kg5 Rf8 64. g7+
Kh7 {[%emt 0:00:00]} 65. gxf8=N+ {[%emt 0:00:00]} Kh8 {[%emt 0:00:09]} 66. Ng6+
{[%emt 0:00:00]} Kh7 {[%emt 0:00:04]} 67. Re7+ {[%emt 0:00:00]} Kg8 {[%emt 0:
00:03]} 68. h7# {[%emt 0:00:00]} 1-0

[Event "DMP - III LIGA SZACHOWA SENIOROW PK 2016"]
[Site "Czudec"]
[Date "2016.??.??"]
[Round "4.13"]
[White "Lewtak, Damian"]
[Black "Zaskalski, Arkadiusz"]
[Result "1-0"]
[WhiteElo "2323"]
[BlackElo "2158"]
[Annotator "Szachy"]
[PlyCount "97"]
[EventDate "2016.??.??"]

1. e4 {[%emt 0:00:00]} c5 {[%emt 0:00:00]} 2. Nf3 {[%emt 0:00:00]} Nc6 3. Bb5
g6 4. O-O Bg7 5. c3 Nf6 6. Re1 O-O 7. d4 cxd4 8. cxd4 d5 9. e5 Ne8 10. Nc3 Nc7
11. Bxc6 bxc6 12. Na4 Bg4 13. h3 Bxf3 14. Qxf3 Ne6 15. Qc3 Qd7 16. Nc5 Nxc5 17.
Qxc5 e6 18. Bg5 Rfb8 19. Qc3 Bf8 20. Re2 a5 21. Rc1 Ra6 22. h4 Rb4 23. h5 Rc4
24. Qd3 Rxc1+ 25. Bxc1 Rb6 26. Rc2 Qb7 27. Qc3 Qa6 28. Bg5 Qa8 29. Qh3 Qe8 30.
Qh4 Rb4 31. Bd2 Be7 32. Qf4 Rb5 33. a4 Rb3 34. Bxa5 Qa8 35. Qd2 Qa6 36. Rc1
gxh5 37. Qc2 Rb8 38. Bd2 Qb6 39. Be3 Rc8 40. Qe2 Qb4 41. Qxh5 Bf8 42. Qg4+ Kh8
43. Bg5 Bg7 44. Qf4 Qxb2 45. Bf6 Bxf6 46. Qxf6+ Kg8 47. Re1 Qxd4 48. Re3 Qd1+
49. Kh2 1-0

[Event "DMP - III LIGA SZACHOWA SENIOROW PK 2016"]
[Site "Czudec"]
[Date "2016.??.??"]
[Round "4.15"]
[White "Mis, Mieszko"]
[Black "Kopacz, Lukasz"]
[Result "1-0"]
[WhiteElo "2069"]
[BlackElo "1937"]
[Annotator "Szachy"]
[PlyCount "61"]
[EventDate "2016.??.??"]

1. Nf3 {[%emt 0:00:00]} c5 {[%emt 0:00:00]} 2. g3 {[%emt 0:00:00]} g6 {[%emt 0:
00:00]} 3. Bg2 {[%emt 0:00:06]} Bg7 {[%emt 0:00:00]} 4. O-O {[%emt 0:00:03]}
Nc6 {[%emt 0:00:00]} 5. c4 {[%emt 0:00:05]} e6 {[%emt 0:00:00]} 6. Nc3 {[%emt
0:00:03]} Nge7 {[%emt 0:00:00]} 7. e3 {[%emt 0:00:04]} O-O {[%emt 0:00:00]} 8.
d4 {[%emt 0:00:03]} cxd4 {[%emt 0:00:00]} 9. exd4 {[%emt 0:00:03]} d5 10. c5
Nf5 11. Ne2 b6 12. Bg5 f6 13. Bf4 bxc5 14. dxc5 e5 15. Nxe5 Nce7 16. Nc6 Qd7
17. Nxe7+ Nxe7 18. Bd6 Bb7 19. Nf4 Rfe8 20. Nxd5 Nxd5 21. Bxd5+ Kh8 22. Rc1
Rac8 23. Qf3 Bxd5 24. Qxd5 Re5 25. Qg2 Rh5 26. Rfe1 f5 27. Rcd1 Qf7 28. Re7
Qxa2 29. Qb7 Rg8 30. Rxg7 Rxg7 31. Be5 1-0

[Event "DMP - III LIGA SZACHOWA SENIOROW PK 2016"]
[Site "Czudec"]
[Date "2016.??.??"]
[Round "4.16"]
[White "Wilk, Tomasz"]
[Black "Kozak, Antoni"]
[Result "0-1"]
[WhiteElo "1843"]
[BlackElo "1932"]
[Annotator "Szachy"]
[PlyCount "234"]
[EventDate "2016.??.??"]

1. e4 {[%emt 0:00:00]} c6 {[%emt 0:00:00]} 2. c4 d5 3. cxd5 cxd5 4. exd5 Nf6 5.
Nc3 Nxd5 6. d4 Nc6 7. Bc4 Nb6 8. Bb5 a6 9. Bxc6+ bxc6 10. Nf3 g6 11. Ne5 Bg7
12. Nxc6 Qd6 13. Ne5 Bxe5 14. dxe5 Qxe5+ 15. Be3 O-O 16. Qd4 Qxd4 17. Bxd4 Nc4
18. Nd5 Rd8 19. Nxe7+ Kf8 20. Bc5 Re8 21. O-O Rxe7 22. Bxe7+ Kxe7 23. b3 Nb6
24. Rac1 Nd5 25. f3 Be6 26. Rfe1 Rb8 27. Re4 Kd6 28. Kf2 Rb4 29. Rxb4 Nxb4 30.
Rd1+ Kc5 31. Rd2 a5 32. Ke3 Nd5+ 33. Kf2 Bf5 34. g4 Be6 35. a3 Nf6 36. b4+ axb4
37. axb4+ Kxb4 38. g5 Nd5 39. Rd4+ Kc5 40. Rh4 f6 41. Rxh7 fxg5 42. Ra7 Kd6 43.
Kg3 Ke5 44. Ra5 Kf6 45. h3 Nf4 46. Ra6 Kf7 47. Ra7+ Kg8 48. Ra8+ Kg7 49. Ra7+
Kh6 50. Ra8 Kg7 51. Ra7+ Kf6 52. Ra6 Ke7 53. Ra7+ Bd7 54. Rb7 Kd6 55. Rb6+ Ke5
56. Ra6 Bxh3 57. Ra5+ Kf6 58. Ra6+ Be6 59. Rb6 Kg7 60. Rb4 Kh6 61. Ra4 Nh5+ 62.
Kf2 Kg7 63. Rb4 Kf6 64. Ra4 Ng7 65. Rb4 Nf5 66. Ra4 Ng7 67. Rb4 Nf5 68. Ra4 Nd6
69. Kg3 Nc4 70. Rb4 Ne5 71. Rb6 Kf5 72. Rb8 Bd5 73. Rf8+ Ke6 74. f4 gxf4+ 75.
Kxf4 Nf7 76. Rb8 Kf6 77. Kg4 Be6+ 78. Kf4 g5+ 79. Kg3 Nd6 80. Rb4 Ke5 81. Kf3
Kf5 82. Ra4 Bd5+ 83. Ke3 Nc4+ 84. Kf2 Kf4 85. Ra7 Ne5 86. Rg7 Bf3 87. Rxg5 Kxg5
88. Ke3 Kf5 89. Kd4 Nd7 90. Ke3 Be4 91. Kd2 Kf4 92. Kc3 Ke3 93. Kc4 Bc6 94. Kc3
Nb6 95. Kb4 Kd4 96. Kb3 Nd5 97. Kb2 Bb5 98. Kb3 Bc4+ 99. Kb2 Nb4 100. Kc1 Kc3
101. Kb1 Nc2 102. Kc1 Ba2 103. Kd1 Nd4 104. Kc1 Ne2+ 105. Kd1 Kd3 106. Ke1 Ke3
107. Kd1 Bb3+ 108. Ke1 Nf4 109. Kf1 Ba4 110. Ke1 Ng2+ 111. Kf1 Kf3 112. Kg1 Bb3
113. Kh2 Nf4 114. Kg1 Kg3 115. Kh1 Bc4 116. Kg1 Nh3+ 117. Kh1 Bd5# 0-1

[Event "DMP - III LIGA SZACHOWA SENIOROW PK 2016"]
[Site "Czudec"]
[Date "2016.??.??"]
[Round "4.18"]
[White "Godek, Martyna"]
[Black "Cyboran, Katarzyna"]
[Result "0-1"]
[WhiteElo "1435"]
[BlackElo "1823"]
[Annotator "Szachy"]
[PlyCount "102"]
[EventDate "2016.??.??"]

1. e4 {[%emt 0:00:00]} c5 {[%emt 0:00:00]} 2. Nc3 {[%emt 0:01:09]} Nc6 {[%emt
0:00:00]} 3. d3 g6 4. g3 Bg7 5. Bg2 Nd4 6. f4 e6 7. Nf3 Ne7 8. O-O Nec6 9. Be3
b6 10. Rb1 O-O 11. Ne2 Nxf3+ 12. Bxf3 d5 13. e5 Qc7 14. d4 cxd4 15. Nxd4 Nxd4
16. Qxd4 Ba6 17. Rfc1 Rac8 18. c3 Qd7 19. h4 f6 20. exf6 Bxf6 21. Qd2 Rcd8 22.
Bd4 e5 23. Be3 d4 24. cxd4 exd4 25. Bf2 Rfe8 26. Bc6 Qh3 27. Bxe8 Rxe8 28. Re1
Rd8 29. Re4 Bb7 30. Rbe1 Kf7 31. Qe2 Bxe4 32. Qxe4 Qd7 33. Qd3 Qd5 34. a3 b5
35. Rc1 a6 36. a4 bxa4 37. Qxa6 d3 38. Qxa4 d2 39. Rd1 Bxb2 40. Qc2 Bc1 41. Be3
Rd6 42. Qc7+ Rd7 43. Qc2 h5 44. Kf2 Kf6 45. Qc3+ Kf5 46. Qc2+ Kg4 47. Qxg6+ Kh3
48. Bb6 Rd6 49. Rg1 d1=N+ 50. Kf1 Qf3+ 51. Bf2 Qxf2# 0-1

[Event "DMP - III LIGA SZACHOWA SENIOROW PK 2016"]
[Site "Czudec"]
[Date "2016.??.??"]
[Round "4.20"]
[White "Mroczek, Jacek"]
[Black "Lach, Dariusz"]
[Result "1-0"]
[WhiteElo "1923"]
[BlackElo "1795"]
[Annotator "Szachy"]
[PlyCount "109"]
[EventDate "2016.??.??"]

1. d4 {[%emt 0:00:00]} Nf6 {[%emt 0:00:00]} 2. c4 g6 3. Nc3 Bg7 4. e4 d6 5. f3
O-O 6. Be3 e5 7. d5 b6 8. Qd2 Nbd7 9. O-O-O Nc5 10. b4 Ncd7 11. Bd3 Nh5 12. g4
Nf4 13. h4 a5 14. b5 Nc5 15. Bc2 f5 16. gxf5 gxf5 17. Nge2 Nxe2+ 18. Qxe2 f4
19. Bxc5 bxc5 20. Qh2 Bh6 21. Bd3 Kh8 22. Rdg1 Qe7 23. Bf1 Bd7 24. Bh3 Rg8 25.
Bxd7 Qxd7 26. Ne2 Raf8 27. Kd1 Qf7 28. Ke1 Qd7 29. Kf2 Rg7 30. Qh3 Qxh3 31.
Rxh3 Rxg1 32. Nxg1 Bg7 33. h5 Bf6 34. Ne2 Rg8 35. Rh1 Rg5 36. Rh2 Be7 37. Ng1
Rg8 38. Kf1 Rg5 39. Ne2 Kg7 40. Rg2 Kh6 41. Rxg5 Kxg5 42. Kg2 Kxh5 43. Nc3 Kg6
44. Kh3 h5 45. Ne2 Kf7 46. Nc1 h4 47. Kh2 Ke8 48. Nb3 Kd8 49. Kh3 Kc8 50. Nxa5
Bf6 51. Nb3 Kb7 52. a4 Be7 53. Kh2 Bf6 54. Nc1 Be7 55. Kh3 1-0

[Event "DMP - III LIGA SZACHOWA SENIOROW PK 2016"]
[Site "Czudec"]
[Date "2016.??.??"]
[Round "4.22"]
[White "Lusio, Daniel"]
[Black "Lach, Mateusz"]
[Result "1/2-1/2"]
[WhiteElo "1877"]
[BlackElo "1426"]
[Annotator "Szachy"]
[PlyCount "36"]
[EventDate "2016.??.??"]

1. d4 {[%emt 0:00:00]} e6 {[%emt 0:00:00]} 2. c4 d5 3. Nc3 b6 4. Nf3 Nf6 5. Bg5
Be7 6. e3 O-O 7. Be2 dxc4 8. Bxc4 Bb7 9. O-O Ne4 10. Bxe7 Qxe7 11. Nxe4 Bxe4
12. Bd3 Bxd3 13. Qxd3 Nd7 14. Rac1 c5 15. dxc5 Nxc5 16. Qc2 Rad8 17. Rfd1 Rxd1+
18. Rxd1 Rd8 1/2-1/2

[Event "DMP - III LIGA SZACHOWA SENIOROW PK 2016"]
[Site "Czudec"]
[Date "2016.??.??"]
[Round "4.24"]
[White "Starzec, Klaudia"]
[Black "Trybowska, Anna"]
[Result "0-1"]
[WhiteElo "1275"]
[BlackElo "1555"]
[PlyCount "110"]
[EventDate "2016.??.??"]

1. d4 d5 2. e3 Nf6 3. Bd3 Nc6 4. f4 e6 5. Nf3 Ne7 6. Bd2 Ng6 7. Ne5 c5 8. c3 c4
9. Bc2 Nd7 10. O-O Bd6 11. Be1 Qb6 12. Qc1 Ne7 13. Nd2 g6 14. Ndf3 f6 15. Nxd7
Bxd7 16. Bf2 Qa5 17. e4 dxe4 18. Bxe4 Nd5 19. g3 Bc6 20. Re1 f5 21. Bxd5 Qxd5
22. Re3 g5 23. fxg5 f4 24. gxf4 Bxf4 25. Rxe6+ Qxe6 26. Qxf4 Rf8 27. Qe5 Qxe5
28. Nxe5 Rf5 29. h4 Bd5 30. Re1 O-O-O 31. Ng4 Rd7 32. Re8+ Kc7 33. Bg3+ Kb6 34.
Nf6 Rg7 35. Rd8 Bf3 36. Be5 Rf7 37. Rd6+ Kb5 38. Rd8 Ka6 39. Rc8 Kb5 40. Rc5+
Ka6 41. Rxc4 h6 42. Ra4+ Kb6 43. Rb4+ Ka6 44. Ra4+ Kb6 45. Bb8 a5 46. b4 hxg5
47. bxa5+ Ka6 48. Ne8 Bc6 49. Ra3 Bxe8 50. Rb3 Rxa5 51. c4 Rxa2 52. c5 Bc6 53.
Rb6+ Ka5 54. Rb1 Rg2+ 55. Kh1 Rb2+ 0-1

[Event "DMP - III LIGA SZACHOWA SENIOROW PK 2016"]
[Site "Czudec"]
[Date "2016.??.??"]
[Round "4.25"]
[White "Lewicki, Miroslaw"]
[Black "Rawicz, Karol"]
[Result "1-0"]
[WhiteElo "2319"]
[BlackElo "2228"]
[PlyCount "59"]
[EventDate "2016.??.??"]

1. e4 c5 2. Nf3 Nc6 3. d4 cxd4 4. Nxd4 g6 5. c4 Bg7 6. Be3 Nf6 7. Nc3 O-O 8.
Be2 b6 9. O-O Bb7 10. f4 d6 11. Bf3 Nxd4 12. Bxd4 Rc8 13. b3 a6 14. Qe2 Nd7 15.
Bxg7 Kxg7 16. a4 Qc7 17. Rad1 Qc5+ 18. Kh1 Rc7 19. Rd3 Kg8 20. Rfd1 Nb8 21. Qd2
a5 22. Qe2 Bc6 23. e5 dxe5 24. Nd5 exf4 25. Nxc7 Bxf3 26. Qxf3 Qxc7 27. Rd4 g5
28. h4 h6 29. hxg5 hxg5 30. Qh5 1-0

[Event "DMP - III LIGA SZACHOWA SENIOROW PK 2016"]
[Site "Czudec"]
[Date "2016.??.??"]
[Round "4.26"]
[White "Fistek, Dariusz"]
[Black "Sygulski, Pawel"]
[Result "1/2-1/2"]
[WhiteElo "2239"]
[BlackElo "2182"]
[Annotator "Szachy"]
[PlyCount "60"]
[EventDate "2016.??.??"]

1. d4 {[%emt 0:00:00]} f5 {[%emt 0:00:00]} 2. c4 Nf6 3. Nf3 e6 4. g3 b6 5. Bg2
Bb4+ 6. Bd2 Bxd2+ 7. Qxd2 Bb7 8. Nc3 O-O 9. O-O Qe7 10. Rad1 d6 11. Qc2 g6 12.
d5 e5 13. e4 fxe4 14. Nxe4 Nxe4 15. Qxe4 Nd7 16. Qe3 a5 17. Ng5 Nc5 18. Rde1
Rae8 19. Bh3 Bc8 20. Bxc8 Rxc8 21. f4 h6 22. Nf3 e4 23. Nd4 Qf6 24. b3 Rce8 25.
Re2 Rf7 26. a3 Nd3 27. Ne6 Nc5 28. Nd4 Nd3 29. Kg2 g5 30. f5 Re5 1/2-1/2

[Event "DMP - III LIGA SZACHOWA SENIOROW PK 2016"]
[Site "Czudec"]
[Date "2016.??.??"]
[Round "4.27"]
[White "Mika, Tomasz"]
[Black "Muc, Marcin"]
[Result "1/2-1/2"]
[WhiteElo "2051"]
[BlackElo "2128"]
[Annotator "Szachy"]
[PlyCount "48"]
[EventDate "2016.??.??"]

1. e4 {[%emt 0:00:00]} e5 {[%emt 0:00:00]} 2. Nc3 {[%emt 0:00:00]} Nf6 3. Bc4
Bb4 4. Nf3 d6 5. d3 O-O 6. Bd2 c6 7. a3 Ba5 8. Qe2 Re8 9. h3 Be6 10. Bxe6 Rxe6
11. g4 d5 12. g5 d4 13. Nb1 Bxd2+ 14. Nbxd2 Nh5 15. Nxe5 Rxe5 16. Qxh5 Rxg5 17.
Qe2 Qf6 18. O-O-O Nd7 19. Rdf1 Qf4 20. Qf3 Qh4 21. Qe2 Rg2 22. Qf3 Rg5 23. Qe2
Rg2 24. Qf3 Rg5 1/2-1/2

[Event "DMP - III LIGA SZACHOWA SENIOROW PK 2016"]
[Site "Czudec"]
[Date "2016.??.??"]
[Round "4.28"]
[White "Wozny, Tomasz"]
[Black "Gawiec, Konrad"]
[Result "1/2-1/2"]
[WhiteElo "1758"]
[BlackElo "1987"]
[PlyCount "86"]
[EventDate "2016.??.??"]

1. d4 d6 2. Nf3 g6 3. c4 Bg7 4. Nc3 Nd7 5. e4 c5 6. Be3 cxd4 7. Nxd4 Ngf6 8. h3
O-O 9. Be2 Nc5 10. Qc2 Qa5 11. O-O Bd7 12. Rab1 Ne6 13. b4 Nxd4 14. Bxd4 Qg5
15. Qd3 Nh5 16. Be3 Nf4 17. Bxf4 Qxf4 18. Nd5 Qe5 19. Rfd1 f5 20. f4 Qxe4 21.
Qxe4 fxe4 22. Nxe7+ Kf7 23. Nd5 Rac8 24. Rbc1 h5 25. g4 h4 26. Kf2 g5 27. fxg5
Kg6+ 28. Ke3 Kxg5 29. Rf1 Be5 30. Rxf8 Rxf8 31. Rf1 Rc8 32. Kxe4 Be6 33. a4 Bg8
34. Rf5+ Kh6 35. Ne7 Re8 36. Nxg8+ Rxg8 37. Kd5 Bg3 38. Bd3 Rc8 39. Be2 Kg7 40.
Rg5+ Kf6 41. Rf5+ Kg7 42. Rg5+ Kf6 43. Rf5+ Kg7 1/2-1/2

[Event "DMP - III LIGA SZACHOWA SENIOROW PK 2016"]
[Site "Czudec"]
[Date "2016.??.??"]
[Round "4.29"]
[White "Kucharski, Bartlomiej"]
[Black "Krzywon, Leszek"]
[Result "1/2-1/2"]
[WhiteElo "1667"]
[BlackElo "1838"]
[Annotator "Szachy"]
[PlyCount "94"]
[EventDate "2016.??.??"]

1. e4 {[%emt 0:00:00]} c5 {[%emt 0:00:01]} 2. Nc3 Nc6 3. Bb5 g6 4. f4 d6 5. a4
Bd7 6. Nf3 Bg7 7. O-O e6 8. d3 Nge7 9. Bc4 a6 10. Qe1 O-O 11. Qh4 Nd4 12. f5
Nec6 13. f6 Bxf6 14. Ng5 h5 15. h3 Kg7 16. Rf2 Ne5 17. Be3 Nxc4 18. dxc4 Bxg5
19. Bxg5 f6 20. Be3 f5 21. Qf4 Qe8 22. Qxd6 Rc8 23. Bxd4+ cxd4 24. Qxd4+ e5 25.
Qd3 fxe4 26. Nxe4 Rxf2 27. Nxf2 Bf5 28. Qe2 e4 29. b3 Qe5 30. Rd1 Re8 31. Re1
Qc3 32. Nd1 Qg3 33. Qe3 Qd6 34. Nc3 Qe5 35. Rd1 Qa5 36. Rd5 Qb4 37. Qd4+ Kh6
38. Re5 Rxe5 39. Qxe5 Qa3 40. Qf4+ Kh7 41. Nxe4 Qa1+ 42. Kh2 Kg7 43. Qc7+ Kh6
44. Qf4+ Kg7 45. Qg5 Qe5+ 46. Ng3 Qd6 47. h4 Bxc2 1/2-1/2

[Event "DMP - III LIGA SZACHOWA SENIOROW PK 2016"]
[Site "Czudec"]
[Date "2016.??.??"]
[Round "4.17"]
[White "Szpar, Milosz"]
[Black "Zaskalski, Dawid"]
[Result "1-0"]
[WhiteElo "1956"]
[BlackElo "1911"]
[PlyCount "45"]
[EventDate "2016.??.??"]

1. e4 e5 2. Nf3 Nc6 3. Bb5 a6 4. Ba4 Bc5 5. O-O d6 6. c3 b5 7. Bb3 Bg4 8. a4
Nf6 9. Re1 O-O 10. d3 h6 11. h3 Bh5 12. Nbd2 Ne7 13. Nf1 Bxf3 14. Qxf3 Ng6 15.
axb5 axb5 16. Rxa8 Qxa8 17. Bxh6 Nxe4 18. Rxe4 gxh6 19. d4 Bb6 20. Ne3 Qa1+ 21.
Kh2 Qxb2 22. Qf6 Nf4 23. Nf5 1-0

[Event "DMP - III LIGA SZACHOWA SENIOROW PK 2016"]
[Site "Czudec"]
[Date "2016.??.??"]
[Round "4.14"]
[White "Kopacz, Grzegorz"]
[Black "Lewtak, Dominik"]
[Result "1/2-1/2"]
[WhiteElo "2145"]
[BlackElo "2065"]
[PlyCount "35"]
[EventDate "2016.??.??"]

1. c4 e5 2. Nc3 Nc6 3. e3 Nf6 4. d4 exd4 5. exd4 d5 6. Nf3 Bg4 7. Be3 Be7 8.
Be2 O-O 9. h3 Be6 10. O-O dxc4 11. Ng5 Bd5 12. Nxd5 Nxd5 13. Ne4 f5 14. Nc3
Nxe3 15. fxe3 Bg5 16. Bxc4+ Kh8 17. Nd5 Na5 18. Qd3 1/2-1/2

[Event "DMP - III LIGA SZACHOWA SENIOROW PK 2016"]
[Site "Czudec"]
[Date "2016.??.??"]
[Round "4.11"]
[White "Chmielowski, Dominik"]
[Black "Rogus, Sylwester"]
[Result "1-0"]
[WhiteElo "1595"]
[BlackElo "1609"]
[PlyCount "47"]
[EventDate "2016.??.??"]

1. d4 Nf6 2. c4 e6 3. Nc3 d5 4. Nf3 Be7 5. e3 O-O 6. Bd3 dxc4 7. Bxc4 Nbd7 8.
O-O c5 9. dxc5 Nxc5 10. b3 Bd7 11. Bb2 Qb6 12. Ne5 Rfd8 13. Qf3 Be8 14. Rfd1
Nfd7 15. Nxd7 Rxd7 16. Qg4 f5 17. Qf3 Rad8 18. Qxf5 Bg6 19. Qg4 Rd2 20. Ba3 Bf5
21. Qxf5 Qa5 22. Rxd2 Rxd2 23. Bxc5 Qxc3 24. Qxe6+ 1-0

[Event "DMP - III LIGA SZACHOWA SENIOROW PK 2016"]
[Site "Czudec"]
[Date "2016.??.??"]
[Round "4.5"]
[White "Nowicki, Andrzej"]
[Black "Babiarz, Arkadiusz"]
[Result "1-0"]
[WhiteElo "1845"]
[BlackElo "1656"]
[PlyCount "67"]
[EventDate "2016.??.??"]

1. e4 c5 2. Nc3 e6 3. g3 d5 4. d3 Nc6 5. Bg2 Nf6 6. Nge2 d4 7. Nb1 e5 8. O-O
Rb8 9. f4 Bd6 10. h3 h5 11. f5 Be7 12. Bf3 h4 13. g4 Nh7 14. Nd2 b5 15. b3 Bg5
16. Bg2 Be3+ 17. Kh1 Na5 18. a4 a6 19. axb5 axb5 20. Qe1 Ra8 21. Nf3 Bxc1 22.
Nxc1 Bb7 23. Nxe5 Qc7 24. Nf3 Nf6 25. b4 Nc6 26. Rxa8+ Bxa8 27. bxc5 Qf4 28.
Ne2 Qe3 29. Nexd4 Qf4 30. Nxc6 Bxc6 31. Nd4 Qc7 32. Nxc6 Qxc6 33. e5 Nd5 34. c4
1-0